The water lily island : (Record no. 9870)
[ view plain ]
| 000 -LEADER | |
|---|---|
| fixed length control field | 01447nam a22002297a 4500 |
| 001 - CONTROL NUMBER | |
| control field | 9870 |
| 003 - CONTROL NUMBER IDENTIFIER | |
| control field | FISKH |
| 005 - DATE AND TIME OF LATEST TRANSACTION | |
| control field | 20260313090421.0 |
| 008 - FIXED-LENGTH DATA ELEMENTS--GENERAL INFORMATION | |
| fixed length control field | 260310b cb ||||| |||| 00| 0 eng d |
| 020 ## - INTERNATIONAL STANDARD BOOK NUMBER | |
| International Standard Book Number | 9789197657105 |
| 040 ## - CATALOGING SOURCE | |
| Original cataloging agency | FISKH |
| Language of cataloging | bing |
| Transcribing agency | FISKH |
| Modifying agency | FISKH |
| 050 ## - LIBRARY OF CONGRESS CALL NUMBER | |
| Classification number | PZ7 |
| 082 ## - DEWEY DECIMAL CLASSIFICATION NUMBER | |
| Classification number | 800 |
| 100 ## - MAIN ENTRY--PERSONAL NAME | |
| Personal name | Byggmaster , Eva-Stina |
| 245 ## - TITLE STATEMENT | |
| Title | The water lily island : |
| Remainder of title | កោះផ្កាព្រលិត / |
| Statement of responsibility, etc. | By Eva-Stina Byggmaster |
| 260 ## - PUBLICATION, DISTRIBUTION, ETC. | |
| Place of publication, distribution, etc. | Phnom Penh : |
| Name of publisher, distributor, etc. | sval sondann , |
| Date of publication, distribution, etc. | 2008. |
| 300 ## - PHYSICAL DESCRIPTION | |
| Extent | 85 pages : |
| Other physical details | illustrations ; |
| Dimensions | 24 cm . |
| 520 ## - SUMMARY, ETC. | |
| Summary, etc. | The Water Lily Island is a bilingual poetry collection originally written in Swedish and rendered into English and Khmer, presenting a set of poems that explore themes of nature, emotion, reflection, and human experience. Although the full text isn’t widely summarized online, the title suggests that the water lily and its island act as symbolic images throughout the poems — often representing beauty, resilience, inner life, and connection to the natural world. The poems likely weave imagery of water lilies, islands, and landscapes with thoughtful reflections on self, existence, relationships, and the environment. This creates a poetic experience that invites readers to think deeply about inner emotional states and outer natural beauty, using the water lily as a recurring motif. |
| 700 ## - ADDED ENTRY--PERSONAL NAME | |
| Personal name | Hokkhim , Chheng |
| Relator term | Translator |
| 942 ## - ADDED ENTRY ELEMENTS (KOHA) | |
| Source of classification or shelving scheme | Dewey Decimal Classification |
| Koha item type | Books |
| Suppress in OPAC | No |
| Withdrawn status | Lost status | Source of classification or shelving scheme | Damaged status | Not for loan | Collection | Home library | Current library | Shelving location | Date acquired | Total Checkouts | Full call number | Barcode | Date last seen | Price effective from | Koha item type |
|---|---|---|---|---|---|---|---|---|---|---|---|---|---|---|---|
| Dewey Decimal Classification | Khmer-English Bilingual / ភាសាខ្មែរ-អង់គ្លេស | Footprints International School Library Network Toul Tom Poung Campus | Footprints International School Library Network Toul Tom Poung Campus | TTP Secondary Fiction Bookshelves | 03/10/2026 | BYG PZ7 800 | 2026-0300 | 03/10/2026 | 03/10/2026 | Books |
